[Event "Tourn. n8120"]
[Site "www.chess-mail.com"]
[Date "2015.03.23"]
[Round "1"]
[White "Cathar"]
[Black "Neverless"]
[WhiteElo "2230"]
[BlackElo "2680"]
[Result "0-1"]
[Round "1"]
1.d4 Ng8f6
2.c4 e6
3.Ng1f3 d5
4.Nb1c3 c6
5.e3 Nb8d7
6.Qd1c2 Bf8d6
7.Bf1d3 O-O
8.O-O dxc4
9.Bd3xc4 a6
10.Rf1d1 b5
11.Bc4e2 Qd8c7
12.Bc1d2 Bc8b7
13.b4 e5
14.Ra1c1 Rf8e8
15.h3 exd4
16.exd4 h6
17.Rd1e1 Qc7b6
18.Qc2b3 a5
19.a3 axb4
20.axb4 Qb6a7
21.d5 Qa7b6
22.Bd2e3 Re8xe3
23.fxe3 Qb6xe3
24.Kh1 Nf6h5
25.g4 Nd7e5
26.Nf3h2 Nh5g3
27.Kg2 Ne5g6
28.Nh2f3 Ng6f4
{ resign }
0-1

[Event "Tourn. n8113"]
[Site "www.chess-mail.com"]
[Date "2015.03.23"]
[Round "1"]
[White "Tartan"]
[Black "Aperturaf"]
[WhiteElo "2370"]
[BlackElo "2420"]
[Result "1-0"]
[Round "1"]
1.e4 e6
2.d4 d5
3.Nb1c3 Bf8b4
4.e5 c5
5.a3 Bb4xc3
6.bxc3 Qd8c7
7.Qd1g4 cxd4
8.Qg4xg7 Qc7xc3
9.Kd1 Qc3xa1
10.Qg7xh8 Kf8
11.Ng1f3 Nb8c6
12.Nf3g5 d3
13.Ng5xh7 Ke7
14.Bf1xd3 Bc8d7
15.Nh7f6 Qa1xe5
16.Nf6xg8 Kd6
17.Qh8f6 Qe5xf6
18.Ng8xf6 { resign }
1-0

[Event "Tourn. n8074"]
[Site "www.chess-mail.com"]
[Date "2015.03.23"]
[Round "1"]
[White "Faerieking"]
[Black "Jaroslavpech"]
[WhiteElo "2220"]
[BlackElo "2330"]
[Result "0-1"]
[Round "1"]
1.e4 c6
2.d4 d5
3.f3 e6
4.Nb1c3 Ng8f6
5.e5 Nf6d7
6.f4 c5
7.Ng1f3 Nb8c6
8.Bc1e3 cxd4
9.Nf3xd4 Bf8c5
10.Nd4xc6 bxc6
11.Be3xc5 Nd7xc5
12.Bf1e2 Ra8b8
13.b3 d4
14.Nc3b1 O-O
15.O-O d3
{ resign }
0-1

[Event "Tourn. n8126"]
[Site "www.chess-mail.com"]
[Date "2015.03.23"]
[Round "1"]
[White "Cardiff"]
[Black "Churrasca"]
[WhiteElo "1960"]
[BlackElo "1990"]
[Result "0-1"]
[Round "1"]
1.d4 Ng8f6
2.c4 g6
3.g3 Bf8g7
4.Bf1g2 O-O
5.Nb1c3 c5
6.Ng1f3 cxd4
7.Nf3xd4 Nb8c6
8.Nd4xc6 dxc6
9.Qd1xd8 Rf8xd8
10.Bc1d2 Bc8e6
11.b3 Nf6g4
12.f3 Rd8xd2
13.Kxd2 Ra8d8
{ resign }
0-1

[Event "Tourn. n8110"]
[Site "www.chess-mail.com"]
[Date "2015.03.23"]
[Round "1"]
[White "Iko"]
[Black "4knights"]
[WhiteElo "1490"]
[BlackElo "1700"]
[Result "0-1"]
[Round "1"]
1.e4 e5
2.Ng1f3 Ng8f6
3.Bf1d3 Nb8c6
4.b3 Bf8c5
5.Bc1b2 d6
6.Nb1c3 Bc8g4
7.Rh1g1 Qd8d7
8.h3 Bg4xf3
9.Qd1xf3 Nc6d4
10.Qf3d1 O-O-O
11.Nc3b5 Nd4xb5
12.a4 Nb5d4
13.c3 Nd4e6
14.a5 Qd7c6
15.b4 Nf6xe4
16.bxc5 Ne4xc5
17.Qd1f3 Qc6xf3
18.gxf3 Nc5xd3
19.Ke2 Nd3xb2
20.Rg1b1 Ne6f4
21.Kf1 Nb2c4
22.Ra1a2 Rd8e8
23.Ra2a4 Nc4xd2
24.Ke1 Nd2xb1
25.c4 e4
26.fxe4 Re8xe4
27.Kd1 Nb1c3
28.Kd2 Nc3xa4
29.f3 Re4e2
30.Kd1 Rh8e8
31.h4 Re2h2
32.h5 Na4c3
33.Kc1 Re8e1

0-1

[Event "Tourn. n7992"]
[Site "www.chess-mail.com"]
[Date "2015.03.23"]
[Round "1"]
[White "Wegaman"]
[Black "Falcoale"]
[WhiteElo "1940"]
[BlackElo "1880"]
[Result "1-0"]
[Round "1"]
1.d4 Ng8f6
2.c4 b6
3.Nb1c3 Bc8b7
4.f3 e6
5.e4 Bf8b4
6.Ng1e2 d5
7.cxd5 exd5
8.e5 Nf6d7
9.a3 Bb4e7
10.Ne2g3 Be7h4
11.Bc1f4 O-O
12.Bf1d3 c5
13.dxc5 bxc5
14.O-O Rf8e8
15.Rf1e1 d4
16.Nc3b5 Qd8b6
17.Nb5d6 Bh4e7
18.Nd6xb7 Qb6xb7
19.Bd3e4 Nb8c6
20.Ra1b1 Qb7c8
21.Rb1c1 a5
22.Be4xc6 Qc8xc6
23.Qd1xd4 Qc6b7
24.Qd4d2 Qb7b6
25.Qd2xd7 Ra8d8
26.Qd7g4 Rd8d5
27.e6 f6
28.Ng3h5 Rd5xh5
29.Qg4xh5 Re8c8
30.Qh5f7 { resign }
1-0

[Event "Tourn. n7992"]
[Site "www.chess-mail.com"]
[Date "2015.03.23"]
[Round "1"]
[White "Osopanda"]
[Black "Falcoale"]
[WhiteElo "2020"]
[BlackElo "1880"]
[Result "1-0"]
[Round "1"]
1.c4 Nb8c6
2.d4 e6
3.e4 b6
4.Nb1c3 Bf8b4
5.a3 Bb4xc3
6.bxc3 Bc8b7
7.Bf1d3 Nc6e7
8.f3 d6
9.Ng1e2 c5
10.Bc1e3 Ng8f6
11.O-O O-O
12.e5 dxe5
13.dxe5 Nf6d7
14.f4 Ne7g6
15.Qd1c2 Ng6h4
16.g3 Nh4f5
17.Be3c1 Qd8c7
18.Bd3xf5 exf5
19.Qc2xf5 Qc7c6
20.Kf2 Qc6g2
21.Ke1 Ra8d8
22.Bc1e3 Rf8e8
23.Be3g1 Bb7f3
24.Rf1f2 Qg2h1
25.a4 Nd7f8
26.Qf5c2 Nf8g6
27.Rf2f1 Bf3e4
28.Qc2c1 Ng6e7
29.Qc1e3 Be4g6
30.g4 Bg6d3
31.Ne2g3 Qh1b7
32.Rf1f2 Bd3xc4
33.Ra1d1 Rd8xd1
34.Kxd1 Bc4b3
35.Kc1 Bb3xa4
36.Ng3e4 Re8d8
37.Rf2d2 Rd8xd2
38.Kxd2 Ne7d5
39.Qe3f2 Ba4c6
40.Ne4d6 Qb7a6
41.h4 Qa6a2
42.Ke1 Qa2a1
43.Kd2 Qa1xc3
44.Ke2 Qc3c2
45.Kf1 Qc2c1
46.Kg2 Nd5xf4
47.Kh2 Nf4d3
48.Qf2xf7 { resign }
1-0

[Event "Tourn. n8118"]
[Site "www.chess-mail.com"]
[Date "2015.03.23"]
[Round "1"]
[White "Zazi"]
[Black "Merimee"]
[WhiteElo "1540"]
[BlackElo "1540"]
[Result "1-0"]
[Round "1"]
1.e4 e5
2.Qd1f3 Ng8f6
3.Nb1c3 c6
4.d3 d6
5.Ng1h3 Bc8g4
6.Qf3g3 Qd8d7
7.f3 Bg4xh3
8.gxh3 Nf6h5
9.Qg3g4 Qd7xg4
10.hxg4 Nh5f4
11.Nc3d1 Bf8e7
12.d4 Be7g5
13.Bc1e3 Bg5h4
14.Kd2 O-O
15.dxe5 dxe5
16.Nd1c3 Nb8d7
17.Nc3e2 Nf4xe2
18.Bf1xe2 Nd7f6
19.Ra1d1 h6
20.Kc1 Bh4g5
21.Rd1d3 Bg5xe3
22.Rd3xe3 Ra8d8
23.Rh1g1 Nf6h7
24.b4 Rd8d6
25.c4 Rd6d4
26.a4 Nh7g5
27.Kb2 Ng5h3
28.Rg1c1 Nh3f4
29.Be2f1 Rd4d2
30.Rc1c2 Rd2d6
31.a5 Rf8d8
32.h4 Nf4d3
33.Kc3 a6
34.Bf1xd3 Rd6f6
35.Rc2d2 Rd8d6
36.Rd2f2 Kh7
37.Re3e2 Rf6g6
38.f4 Rg6xg4
39.h5 exf4
40.e5 Rd6g6
41.hxg6 fxg6
42.e6 Rg4g2
43.e7 f3
44.Rf2xg2 fxe2
45.Rg2xe2 { resign }
1-0

[Event "Tourn. n8022"]
[Site "www.chess-mail.com"]
[Date "2015.03.23"]
[Round "1"]
[White "Oliverio"]
[Black "Hrob71"]
[WhiteElo "1670"]
[BlackElo "1499"]
[Result "1-0"]
[Round "1"]
1.d4 Ng8f6
2.Ng1f3 d6
3.Bc1g5 Nb8d7
4.Nb1d2 g6
5.e4 e5
6.d5 Bf8g7
7.c4 O-O
8.Bf1e2 c6
9.O-O Qd8c7
10.Ra1c1 h6
11.Bg5h4 Nd7c5
12.Qd1c2 Nf6xe4
13.Nd2xe4 Bc8f5
14.Nf3d2 Nc5xe4
15.Nd2xe4 cxd5
16.f3 dxe4
17.fxe4 Bf5e6
18.Bh4f6 Qc7c5
19.Kh1 Bg7xf6
20.Rf1xf6 Kg7
21.Rc1f1 Be6f5
22.Rf1xf5 gxf5
23.Rf6xf5 Qc5e3
24.Rf5f3 Qe3c5
25.Rf3g3 Kh7
26.Be2g4 Rf8g8
27.Bg4f5 Kh8
28.Qc2c1 Rg8xg3
29.Qc1xh6 Kg8
30.Bf5h7 Kh8
31.Bh7g6 Kg8
32.Qh6h7 { resign }
1-0

[Event "Tourn. n8046"]
[Site "www.chess-mail.com"]
[Date "2015.03.23"]
[Round "1"]
[White "Colchester"]
[Black "Maxlou"]
[WhiteElo "1850"]
[BlackElo "1770"]
[Result "1-0"]
[Round "1"]
1.c4 e5
2.Nb1c3 Nb8c6
3.g3 g6
4.Bf1g2 Bf8g7
5.d3 d6
6.Ng1f3 Ng8e7
7.O-O O-O
8.a3 Bc8g4
9.h3 Bg4d7
10.Qd1c2 Qd8c8
11.Kh2 Nc6d4
12.Nf3xd4 exd4
13.Nc3d5 Rf8e8
14.b4 Ne7xd5
15.cxd5 c6
16.dxc6 bxc6
17.Bc1b2 a5
18.Rf1e1 Qc8b7
19.Ra1c1 { resign }
1-0

[Event "Tourn. n8062"]
[Site "www.chess-mail.com"]
[Date "2015.03.23"]
[Round "1"]
[White "Falcoale"]
[Black "Cardiff"]
[WhiteElo "1830"]
[BlackElo "1940"]
[Result "0-1"]
[Round "1"]
1.e4 e6
2.d4 d5
3.e5 c5
4.c3 cxd4
5.cxd4 Nb8c6
6.Ng1f3 Qd8b6
7.a3 Ng8h6
8.b4 Nh6f5
9.Bc1b2 Bc8d7
10.Bf1e2 a5
11.O-O axb4
12.a4 Bf8e7
13.Qd1d2 Nf5h4
14.Nf3xh4 Be7xh4
15.f4 O-O
16.Qd2e3 Nc6a5
17.g3 Bh4e7
18.Nb1d2 Rf8c8
19.Be2d1 Na5c4
20.Nd2xc4 dxc4
21.Ra1b1 Bd7xa4
22.Bb2c3 Ba4xd1
23.Rf1xd1 Ra8a2
24.Bc3e1 Qb6c6
25.Be1xb4 Qc6g2
{ resign }
0-1

[Event "Tourn. n7986"]
[Site "www.chess-mail.com"]
[Date "2015.03.23"]
[Round "1"]
[White "Yakke"]
[Black "Falcoale"]
[WhiteElo "1770"]
[BlackElo "1900"]
[Result "1/2-1/2"]
[Round "1"]
1.e4 c5
2.Ng1f3 Nb8c6
3.d4 cxd4
4.Nf3xd4 a6
5.Nb1c3 e6
6.a3 Ng8f6
7.Bc1g5 h6
8.Bg5h4 Bf8e7
9.Nd4xc6 bxc6
10.Bf1e2 Bc8b7
11.O-O d5
12.e5 Nf6d7
13.Bh4xe7 Qd8xe7
14.Qd1d3 a5
15.Qd3g3 Qe7g5
16.Qg3xg5 hxg5
17.Rf1e1 Nd7xe5
18.Be2b5 cxb5
19.Nc3xb5 Kd7
20.Re1xe5 f6
21.Re5e3 Bb7a6
22.Nb5d4 Rh8e8
23.Nd4b3 Ke7
24.Nb3c5 Ba6c8
25.Ra1e1 Ra8b8
26.Nc5xe6 Bc8xe6
27.Re3xe6 Kd7
28.Re6xe8 { draw }
1/2-1/2

[Event "Tourn. n8060"]
[Site "www.chess-mail.com"]
[Date "2015.03.23"]
[Round "1"]
[White "Ffdd65"]
[Black "Julian"]
[WhiteElo "2140"]
[BlackElo "2000"]
[Result "1-0"]
[Round "1"]
1.e4 c5
2.Bf1c4 e6
3.Qd1f3 Nb8c6
4.Bc4b3 Nc6d4
5.Qf3e3 Nd4xb3
6.Qe3xb3 d6
7.Ng1f3 Ng8f6
8.d3 Bf8e7
9.c4 O-O
10.O-O a6
11.Bc1d2 b5
12.cxb5 axb5
13.Bd2c3 e5
14.Qb3c2 Bc8e6
15.b3 Qd8b6
16.h3 Rf8c8
17.Nb1d2 b4
18.Bc3b2 Nf6d7
19.Nd2c4 Qb6c7
20.Nf3d2 d5
21.Nc4e3 dxe4
22.dxe4 g6
23.Nd2c4 f6
24.Rf1d1 Rc8d8
25.Ne3d5 Be6xd5
26.Rd1xd5 Nd7f8
27.Qc2d2 Rd8xd5
28.Qd2xd5 Kg7
29.Qd5xa8 Nf8e6
30.g3 Ne6d4
31.Bb2xd4 cxd4
32.Qa8d5 h5
33.h4 g5
34.hxg5 fxg5
35.Qd5xe5 Qc7xe5
36.Nc4xe5 Be7f6
37.Ne5d3 { resign }
1-0

[Event "Tourn. n8094"]
[Site "www.chess-mail.com"]
[Date "2015.03.23"]
[Round "1"]
[White "Rons"]
[Black "Manolinex"]
[WhiteElo "2550"]
[BlackElo "2730"]
[Result "0-1"]
[Round "1"]
1.e4 c5
2.Ng1f3 d6
3.d4 cxd4
4.Nf3xd4 Ng8f6
5.Nb1c3 a6
6.Bc1e3 e5
7.Nd4b3 Bc8e6
8.f3 Bf8e7
9.Qd1d2 O-O
10.O-O-O Nb8d7
11.g4 b5
12.g5 b4
13.Nc3e2 Nf6e8
14.f4 g6
15.Qd2xb4 a5
16.Qb4a4 Nd7b6
17.Be3xb6 Qd8xb6
18.h4 Be6g4
19.Rh1h2 h6
20.Rd1d3 exf4
21.gxh6 Ne8f6
22.Nb3d4 Nf6xe4
23.Nd4c6 Be7f6
24.Qa4xe4 Qb6xb2
25.Kd2 Bg4f5
26.Qe4xf4 Bf6e5
27.Nc6xe5 dxe5
28.Qf4c4 Bf5xd3
29.Kxd3 Ra8b8
30.Ke3 Qb2b6
31.Kf3 Qb6f6
32.Kg2 Rf8c8
33.Qc4d3 Rb8b4
34.Rh2h3 Rb4xh4
35.Rh3xh4 Qf6xh4
36.Qd3e3 Qh4g4
37.Ne2g3 Rc8xc2
38.Bf1e2 Qg4d4
39.Qe3g5 Qd4d6
40.Kf1 Rc2xa2
41.Ng3e4 Qd6d4
42.Ne4f2 Qd4f4
43.Qg5d8 Kh7
44.Qd8f8 Qf4f6
45.Ke1 Ra2b2
46.Kd1 Rb2b1
47.Kc2 Rb1b4
48.Nf2d1 Rb4b7
49.Nd1c3 Rb7c7
50.Kb3 e4
51.Nc3b5 Rc7c1
52.Nb5a3 g5
53.Ka4 Qf6d4
54.Kxa5 Qd4c5
55.Qf8xc5 Rc1xc5
56.Kb4 Rc5c1
57.Na3c4 f5
58.Nc4d6 Rc1c2
59.Be2b5 e3
60.Nd6xf5 e2
61.Bb5xe2 Rc2xe2
{ resign }
0-1

[Event "Tourn. n8133"]
[Site "www.chess-mail.com"]
[Date "2015.03.23"]
[Round "1"]
[White "Manolinex"]
[Black "Tomasseeber"]
[WhiteElo "2740"]
[BlackElo "2240"]
[Result "1-0"]
[Round "1"]
1.d4 Ng8f6
2.c4 c5
3.d5 b5
4.Ng1f3 Bc8b7
5.Bc1f4 d6
6.Nb1d2 Nf6h5
7.Bf4g3 Nh5xg3
8.hxg3 b4
9.a3 bxa3
10.Ra1xa3 e6
11.dxe6 fxe6
12.e3 g6
13.Bf1d3 Bf8g7
14.Rh1xh7 Kf7
15.Rh7xh8 Qd8xh8
16.Nf3g5 Kg8
17.Qd1g4 Qh8h1
18.Nd2f1 { resign }
1-0

[Event "Tourn. n8098"]
[Site "www.chess-mail.com"]
[Date "2015.03.23"]
[Round "1"]
[White "Obisporey"]
[Black "Cathar"]
[WhiteElo "2510"]
[BlackElo "2230"]
[Result "1-0"]
[Round "1"]
1.e4 c5
2.Ng1f3 Nb8c6
3.d4 cxd4
4.Nf3xd4 e5
5.Nd4b5 d6
6.c4 Bf8e7
7.Nb1c3 a6
8.Nb5a3 Bc8e6
9.Na3c2 Ra8c8
10.b3 Ng8f6
11.Bf1d3 O-O
12.O-O Nf6d7
13.Bd3e2 Nd7c5
14.b4 Nc5d7
15.Bc1e3 Be7g5
16.Qd1xd6 Bg5xe3
17.fxe3 Qd8g5
18.Qd6d3 Rf8d8
19.Nc3d5 b5
20.cxb5 axb5
21.Ra1d1 Nc6e7
22.Nc2a3 Ne7xd5
23.exd5 e4
24.Qd3xe4 Nd7f6
25.Rf1xf6 Qg5xf6
26.dxe6 Rd8xd1
27.Be2xd1 fxe6
28.Na3c2 Rc8f8
29.Bd1f3 Qf6c3
30.Qe4xe6 Kh8
31.Bf3e4 Qc3d2
32.h3 Rf8d8
33.Qe6g4 Qd2d1
34.Qg4xd1 Rd8xd1
35.Kf2 Kg8
36.Ke2 { resign }
1-0

[Event "Tourn. n8136"]
[Site "www.chess-mail.com"]
[Date "2015.03.23"]
[Round "1"]
[White "Aperturaf"]
[Black "Tomasseeber"]
[WhiteElo "2450"]
[BlackElo "2240"]
[Result "1-0"]
[Round "1"]
1.e4 d5
2.exd5 Ng8f6
3.d4 Nf6xd5
4.Ng1f3 Bc8g4
5.Bf1e2 e6
6.O-O Bf8e7
7.c4 Nd5f6
8.h3 Bg4h5
9.Qd1b3 Qd8c8
10.Nb1c3 O-O
11.g4 Bh5g6
12.Nf3h4 Bg6e4
13.g5 Be4c6
14.gxf6 Be7xf6
15.Nh4f3 { resign }
1-0

[Event "Tourn. n8086"]
[Site "www.chess-mail.com"]
[Date "2015.03.23"]
[Round "1"]
[White "Jasonbarlow7"]
[Black "Gandalf"]
[WhiteElo "1499"]
[BlackElo "1480"]
[Result "1-0"]
[Round "1"]
1.Ng1f3 f5
2.d3 Ng8f6
3.g3 g6
4.Bf1g2 Nb8c6
5.O-O e5
6.Bc1g5 Bf8g7
7.Rf1e1 d6
8.e4 O-O
9.c3 fxe4
10.dxe4 h6
11.Bg5xf6 Rf8xf6
12.Nb1d2 Bc8g4
13.Qd1b3 Kh7
14.Qb3xb7 Nc6e7
15.c4 a5
16.Qb7b3 Ra8b8
17.Qb3c3 Ne7c6
18.h3 Bg4xf3
19.Nd2xf3 Qd8d7
20.Ra1d1 Qd7e7
21.Nf3h4 Qe7f8
22.Rd1d2 Nc6d4
23.Qc3xa5 g5
24.Nh4f5 Nd4xf5
25.exf5 Qf8f7
26.b3 Kh8
27.g4 Qf7e7
28.Bg2e4 Qe7f8
29.Qa5xc7 Rb8c8
30.Qc7a5 { resign }
1-0

[Event "Match"]
[Site "www.echecsemail.com"]
[Date "2015.03.23"]
[Round "1"]
[White "F14"]
[Black "Crush"]
[WhiteElo "1599"]
[BlackElo "1640"]
[Result "1-0"]
[Round "1"]
1.e4 e5
2.Ng1f3 Nb8c6
3.Bf1b5 a6
4.Bb5a4 b5
5.Ba4b3 Ng8f6
6.O-O Nf6xe4
7.Rf1e1 d5
8.c3 Bf8c5
9.d4 exd4
10.cxd4 Bc5b6
11.Bc1e3 O-O
12.Nb1d2 Ne4xd2
13.Qd1xd2 Bc8b7
14.Nf3e5 Nc6xe5
15.dxe5 d4
16.Be3g5 Qd8d7
17.e6 fxe6
18.Bb3xe6 Qd7xe6
19.Re1xe6 Ra8d8
20.Ra1e1 h6
21.Bg5xh6 gxh6
22.Re6g6 Kf7
23.Rg6xh6 Rf8g8
24.Qd2f4 Kg7
25.Re1e7 
1-0

[Event "Match"]
[Site "www.echecsemail.com"]
[Date "2015.03.23"]
[Round "1"]
[White "Kesalon"]
[Black "Wildtiger"]
[WhiteElo "1830"]
[BlackElo "1539"]
[Result "1-0"]
[Round "1"]
1.e4 c5
2.Ng1f3 e6
3.d4 cxd4
4.Nf3xd4 Ng8f6
5.Nb1c3 Nb8c6
6.Bc1e3 Bf8b4
7.f3 d5
8.Bf1b5 Bc8d7
9.Nd4xc6 bxc6
10.Bb5d3 c5
11.a3 Bb4xc3
12.bxc3 O-O
13.Be3xc5 dxe4
14.Bc5xf8 Qd8xf8
15.Bd3xe4 Nf6xe4
16.fxe4 Bd7c6
17.Qd1e2 Qf8c5
18.Qe2d3 Qc5b6
19.Qd3d4 Qb6b7
20.Ra1d1 Ra8e8
21.O-O Bc6xe4
22.Qd4d7 Qb7b6
23.Kh1 Be4c6
24.Qd7xf7 Kh8
25.Qf7f8 { resign }
1-0

[Event "Match"]
[Site "www.echecsemail.com"]
[Date "2015.03.23"]
[Round "1"]
[White "Karlgrocer"]
[Black "Gimmyg"]
[WhiteElo "1920"]
[BlackElo "1940"]
[Result "0-1"]
[Round "1"]
1.Ng1f3 Nb8c6
2.e3 e5
3.d3 d5
4.Bf1e2 Ng8f6
5.O-O Bf8d6
6.Nb1d2 Bc8f5
7.Nf3e1 O-O
8.a3 e4
9.g3 Bf5h3
10.Ne1g2 Qd8d7
11.c4 exd3
12.Be2xd3 Nc6e5
13.Qd1c2 Ne5xd3
14.Qc2xd3 Bh3f5
15.Qd3e2 dxc4
16.Qe2xc4 b5
17.Qc4b3 c5
18.Rf1e1 c4
19.Qb3c3 Rf8e8
20.f3 Bd6e5
21.Qc3b4 a6
22.e4 a5
23.Qb4c5 Be5d4
24.Qc5xd4 Qd7xd4
25.Kh1 Ra8d8
26.exf5 Re8xe1
27.Ng2xe1 Qd4f2
{ resign }
0-1

[Event "Match"]
[Site "www.echecsemail.com"]
[Date "2015.03.23"]
[Round "1"]
[White "Mdesouza"]
[Black "F14"]
[WhiteElo "2180"]
[BlackElo "1850"]
[Result "1-0"]
[Round "1"]
1.e4 e5
2.Ng1f3 Nb8c6
3.Bf1c4 Ng8f6
4.d4 exd4
5.O-O Bf8c5
6.e5 Nf6g4
7.Bc1f4 O-O
8.h3 Ng4h6
9.Bf4g5 Qd8e8
10.Bg5xh6 gxh6
11.Rf1e1 Nc6e7
12.Nb1d2 Ne7g6
13.Nd2e4 Kg7
14.Ne4xc5 Qe8e7
15.Qd1xd4 f6
16.exf6 Qe7xf6
17.Qd4xf6 Rf8xf6
18.Bc4b3 d6
19.Nc5e6 Bc8xe6
20.Re1xe6 Rf6xe6
21.Bb3xe6 Ra8e8
22.Ra1e1 Kf6
23.Be6b3 Re8xe1
24.Nf3xe1 Ng6e5
25.Kf1 c5
26.f4 Ne5c6
27.Ne1f3 b5
28.c3 c4
29.Bb3c2 a5
30.Nf3d4 Nc6xd4
31.cxd4 b4
32.d5 h5
33.Kf2 h6
34.Ke3 h4
35.Kd4 c3
36.bxc3 bxc3
37.Kxc3 Ke7
38.Kc4 Kd7
39.Kb5 { resign }
1-0

[Event "Match"]
[Site "www.echecsemail.com"]
[Date "2015.03.23"]
[Round "1"]
[White "Karlgrocer"]
[Black "Chtoubidou"]
[WhiteElo "1940"]
[BlackElo "1880"]
[Result "0-1"]
[Round "1"]
1.Ng1f3 b6
2.e3 Bc8b7
3.Bf1e2 g6
4.O-O Bf8g7
5.d4 d6
6.Bc1d2 e5
7.dxe5 dxe5
8.Bd2c3 Qd8xd1
9.Rf1xd1 Nb8d7
10.Nb1a3 O-O-O
11.Rd1d2 Ng8e7
12.Nf3g5 Rd8f8
13.Ra1d1 Nd7c5
14.b3 f6
15.Ng5f3 Rf8d8
16.Bc3b4 Ne7c6
17.Bb4xc5 bxc5
18.c4 e4
19.Nf3e1 Nc6b4
20.Na3b5 Rd8xd2
21.Rd1xd2 a6
22.Nb5c3 Rh8d8
23.Rd2c2 Nb4xc2
{ resign }
0-1

[Event "Match"]
[Site "www.echecsemail.com"]
[Date "2015.03.23"]
[Round "1"]
[White "Maxlou"]
[Black "Razorboy"]
[WhiteElo "1830"]
[BlackElo "1880"]
[Result "0-1"]
[Round "1"]
1.d4 d5
2.Ng1f3 Bc8g4
3.Bc1f4 Bg4xf3
4.exf3 e6
5.Bf1d3 Nb8c6
6.Bf4e3 Bf8b4
7.c3 Bb4d6
{ resign }
0-1

[Event "Match"]
[Site "www.echecsemail.com"]
[Date "2015.03.23"]
[Round "1"]
[White "Hundegana"]
[Black "Kesalon"]
[WhiteElo "1920"]
[BlackElo "999"]
[Result "0-1"]
[Round "1"]
1.e4 e5
2.Ng1f3 Nb8c6
3.Nb1c3 Ng8f6
4.Bf1c4 Bf8c5
5.O-O d6
6.h3 O-O
7.a3 Bc8e6
8.Bc4xe6 fxe6
9.d3 d5
10.b4 Bc5b6
11.Rf1e1 Qd8e7
12.Bc1b2 Ra8d8
13.exd5 exd5
14.Nc3a2 e4
15.Nf3h2 Bb6d4
16.Bb2xd4 Nc6xd4
17.c3 Nd4c6
18.d4 Qe7f7
19.Qd1b3 Nf6h5
20.Re1f1 Nh5f4
21.Na2c1 Qf7g6
22.g3 Nf4xh3
23.Kg2 Nh3f4
24.Kh1 Nf4h5
25.Nc1e2 Qg6f6
26.Qb3c2 Qf6h6
27.Kg2 Nh5f6
28.Rf1h1 Qh6g6
29.Ne2f4 Qg6f5
30.Qc2e2 Rd8e8
31.g4 Qf5xf4
32.Qe2e3 Qf4xe3
33.fxe3 Nf6d7
34.Kg3 Nd7b6
35.a4 Nb6c4
36.Rh1e1 Rf8f7
37.a5 a6
38.Ra1a2 Re8f8
39.Kg2 Nc6a7
40.Ra2c2 Na7b5
41.Kg3 Nc4a3
42.Rc2c1 Rf7f2
43.Re1f1 Rf2e2
44.Rf1xf8 Kxf8
45.Nh2f1 Re2c2
46.Rc1e1 Rc2xc3
47.Kf4 Rc3b3
48.Ke5 c6
49.Nf1g3 Rb3xb4
50.Ng3f5 Na3c4
51.Ke6 g6
52.Nf5h6 Kg7
53.g5 Nc4d2
54.Nh6g4 Nd2f3
55.Kd7 Nf3xg5
56.Re1f1 Ng5f3
57.Kc8 Nb5d6
58.Kc7 Nd6c4
59.Rf1f2 h5
60.Ng4e5 Nc4xe5
61.dxe5 Nf3xe5
62.Kd6 Ne5f3
63.Kc5 Rb4b5
64.Kd6 Rb5xa5
65.Rf2b2 Ra5b5
66.Rb2e2 h4
67.Re2f2 Rb5b3
68.Rf2e2 h3
69.Re2f2 h2
70.Rf2f1 Nf3g1
71.Ke6 h1Q
72.Rf1f7 Kh6
73.Rf7f8 Kg5
74.Kd7 Qh1h7
75.Kd6 Rb3xe3
76.Rf8f1 Re3g3
77.Kc5 Qh7e7
78.Kb6 Rg3b3
79.Ka7 Kh6
80.Rf1xg1 Qe7c5
81.Ka8 Qc5xg1
82.Kb8 e3
83.Kc7 e2
{ resign }
0-1

[Event "Match"]
[Site "www.echecsemail.com"]
[Date "2015.03.23"]
[Round "1"]
[White "Xandersonx"]
[Black "Matuisgman"]
[WhiteElo "1719"]
[BlackElo "1499"]
[Result "1-0"]
[Round "1"]
1.g4 Ng8f6
2.e3 Nb8c6
3.b3 g5
4.Bc1b2 Bf8g7
5.f4 h6
6.a4 b6
7.fxg5 hxg5
8.Qd1f3 Ra8b8
9.Bf1c4 d5
10.Bc4xd5 Nc6a5
11.Bb2xf6 Bg7xf6
12.c3 e6
13.Bd5c6 Na5xc6
14.Qf3xc6 Bc8d7
15.Qc6g2 c5
16.Ng1e2 e5
17.O-O e4
18.Qg2xe4 Bf6e7
19.d4 Rh8h4
20.Ne2g3 Rh4xg4
21.Qe4f3 Be7d6
22.Qf3xf7 
1-0

[Event "Match"]
[Site "www.echecsemail.com"]
[Date "2015.03.23"]
[Round "1"]
[White "F14"]
[Black "Robkinyon"]
[WhiteElo "1860"]
[BlackElo "1499"]
[Result "1-0"]
[Round "1"]
1.d4 d5
2.c4 Ng8f6
3.Nb1c3 Nb8c6
4.Ng1f3 Bc8g4
5.e3 e6
6.cxd5 Nf6xd5
7.Bf1e2 Bf8b4
8.Qd1c2 e5
9.O-O Bb4xc3
10.bxc3 O-O
11.Nf3xe5 Bg4xe2
12.Qc2xe2 Nc6xe5
13.dxe5 Nd5xc3
14.Qe2c2 Nc3b5
15.a4 Qd8d5
16.axb5 Qd5xe5
17.Bc1b2 Qe5xb5
18.Rf1b1 c5
19.Bb2xg7 { resign }
1-0

[Event "Eq:Cats in the rain-Los Tercios : "]
[Site "www.chess-mail.com"]
[Date "2015.03.23"]
[Round "1"]
[White "Rodemund"]
[Black "Lopez"]
[WhiteElo "1620"]
[BlackElo "1840"]
[Result "0-1"]
[Round "1"]
1.e4 e5
2.Nb1c3 Ng8f6
3.Ng1f3 Nb8c6
4.a3 a6
5.d3 Bf8c5
6.h3 O-O
7.b4 Bc5a7
8.Bc1b2 d5
9.Bf1e2 d4
10.Nc3a2 Rf8e8
11.Na2c1 b5
12.Nc1b3 Qd8d6
13.Qd1d2 Nf6h5
14.g3 Ba7b6
15.Nf3g5 Nh5f6
16.Be2f3 h6
17.Ng5xf7 Kxf7
18.g4 Nf6h7
19.h4 Qd6f6
20.Ke2 Kg8
21.Bb2c1 Re8f8
22.Rh1h3 Bc8xg4
23.Rh3g3 Bg4xf3
24.Kf1 Qf6xh4
25.Rg3g1 Qh4h3
26.Ke1 Kh8
27.Bc1b2 Rf8f4
28.Nb3c5 Rf4h4
29.Nc5e6 Qh3h1
{ resign }
0-1

[Event "Eq:Cats in the rain-Los Tercios : "]
[Site "www.chess-mail.com"]
[Date "2015.03.23"]
[Round "1"]
[White "Lopez"]
[Black "Rodemund"]
[WhiteElo "1840"]
[BlackElo "1620"]
[Result "1-0"]
[Round "1"]
1.e4 e6
2.Ng1f3 a6
3.e5 Nb8c6
4.d4 d5
5.Nb1c3 h6
6.Bf1e2 Ng8e7
7.O-O Ne7g6
8.a3 Bf8e7
9.Rf1e1 b5
10.b4 Bc8b7
11.h3 Qd8d7
12.Bc1d2 Nc6a7
13.Qd1b1 Bb7c6
14.Be2d3 Na7c8
15.Qb1b3 Nc8b6
16.Nc3e2 Nb6c4
17.Bd2c3 Nc4b6
18.Bc3d2 Qd7c8
19.Qb3c3 Qc8d7
20.Bd2c1 O-O
21.Ne2f4 Nb6a4
22.Qc3d2 Ng6xf4
23.Qd2xf4 Na4c3
24.Nf3d2 Qd7d8
25.Qf4g4 Bc6d7
26.Nd2f3 Bd7e8
27.Bc1xh6 { resign }
1-0

[Event "Eq:Equipo Juan Diaz-Helvetica B : "]
[Site "www.chess-mail.com"]
[Date "2015.03.23"]
[Round "1"]
[White "Etekrik"]
[Black "Hrob71"]
[WhiteElo "2170"]
[BlackElo "2000"]
[Result "1-0"]
[Round "1"]
1.d4 Ng8f6
2.c4 e5
3.dxe5 Nf6g4
4.Ng1f3 Bf8c5
5.e3 Nb8c6
6.Bc1d2 O-O
7.Bd2c3 Qd8e7
8.Bf1e2 Ng4xe5
9.Nf3xe5 Nc6xe5
10.Qd1d5 d6
11.b4 Bc8e6
12.Qd5e4 f5
13.Qe4c2 Bc5b6
14.Bc3xe5 dxe5
15.c5 Ra8c8
16.O-O a6
17.cxb6 cxb6
18.Qc2b2 Qe7f6
19.b5 f4
20.exf4 Qf6g6
21.bxa6 Rc8c2
22.Qb2xb6 Rc2xe2
23.axb7 Be6f5
24.b8Q { resign }
1-0

[Event "Eq:La Taverne-Cats in the rain : "]
[Site "www.chess-mail.com"]
[Date "2015.03.23"]
[Round "1"]
[White "T9l9"]
[Black "Xkafi"]
[WhiteElo "2209"]
[BlackElo "1980"]
[Result "1-0"]
[Round "1"]
1.d4 d5
2.c4 Ng8f6
3.cxd5 Qd8xd5
4.Nb1c3 Qd5h5
5.Ng1f3 h6
6.e4 Nb8c6
7.Nc3b5 Kd8
8.Bc1f4 Bc8g4
9.Bf4xc7 Ke8
10.d5 Nc6e5
11.Bc7xe5 Bg4xf3
12.Nb5c7 Kd8
13.gxf3 Ra8c8
14.Nc7e6 fxe6
15.dxe6 Ke8
16.Bf1b5 Rc8c6
17.Be5xf6 { resign }
1-0

[Event "Fast Game"]
[Site "www.echecsemail.com"]
[Date "2015.03.23"]
[Round "1"]
[White "Attatroll"]
[Black "Gerailen0075"]
[WhiteElo "1810"]
[BlackElo "1959"]
[Result "0-1"]
[Round "1"]
1.e4 Ng8f6
2.e5 Nf6d5
3.Ng1f3 Nd5b6
4.d4 d5
5.exd6 exd6
6.Bf1d3 Bc8g4
7.c3 Bf8e7
8.O-O O-O
9.Qd1c2 Bg4xf3
10.gxf3 g6
11.Bc1e3 Nb8c6
12.Nb1d2 Nb6d5
13.Nd2e4 Nd5f6
14.Ne4g5 Kg7
15.h4 Nf6h5
16.f4 Qd8d7
17.f5 h6
18.Ng5xf7 Rf8xf7
19.fxg6 Qd7g4
20.Kh1 Rf7f3
{ resign }
0-1

[Event "Tourn. n7953"]
[Site "www.chess-mail.com"]
[Date "2015.03.24"]
[Round "1"]
[White "Difficult"]
[Black "Odin"]
[WhiteElo "1880"]
[BlackElo "1690"]
[Result "0-1"]
[Round "1"]
1.d4 d5
2.Ng1f3 Ng8f6
3.c4 e6
4.cxd5 Nf6xd5
5.e4 Bf8b4
6.Bc1d2 Bb4xd2
7.Nb1xd2 Nd5f6
8.Bf1d3 Nb8d7
9.O-O b6
10.Qd1e2 O-O
11.e5 Nf6d5
12.Bd3e4 Bc8b7
13.Be4xd5 Bb7xd5
14.b3 a6
15.Nd2e4 h6
16.Ra1c1 Rf8e8
17.Rc1c3 Nd7f8
18.Rf1c1 c6
19.Ne4d6 Re8e7
20.b4 b5
21.Rc3e3 Nf8g6
22.g3 a5
23.a3 Re7a7
24.Nf3d2 axb4
25.axb4 Ra7a1
26.Qe2e1 Ra1a2
27.Nd2b3 Ng6h4
28.gxh4 Qd8xh4
29.Re3g3 Qh4f4
30.Qe1e3 Qf4h4
31.Nb3d2 Ra2xd2
32.Qe3xd2 f5
33.Qd2b2 f4
34.Rc1a1 Ra8xa1
35.Qb2xa1 fxg3
36.fxg3 Qh4g4
37.Qa1f1 Bd5f3
38.Qf1f2 Kh7
39.Qf2c2 Kg8
40.Qc2f2 Bf3d5
41.Qf2f7 Kh7
42.Nd6e8 Qg4xd4
43.Kf1 Qd4d1
44.Kf2 Qd1d2
45.Kf1 Qd2g2
46.Ke1 Qg2g1
47.Kd2 Qg1xh2
48.Kc1 Qh2g1
49.Kd2 Qg1d4
50.Kc1 Qd4c3
51.Kd1 Bd5f3
{ resign }
0-1